<?xml version="1.0" encoding="UTF-8"?>
<record
    xmlns:xsi="http://www.w3.org/2001/XMLSchema-instance"
    xsi:schemaLocation="http://www.loc.gov/MARC21/slim http://www.loc.gov/standards/marcxml/schema/MARC21slim.xsd"
    xmlns="http://www.loc.gov/MARC21/slim">

  <leader>01507    a2200217   4500</leader>
  <controlfield tag="001">47739</controlfield>
  <controlfield tag="005">20260407155743.0</controlfield>
  <controlfield tag="008">260407a2010    arg                 spa d</controlfield>
  <controlfield tag="003">AR-UNSa-BCEJYS</controlfield>
  <datafield tag="040" ind1=" " ind2=" ">
    <subfield code="a">AR-UNSa-BCEJYS</subfield>
    <subfield code="b">spa</subfield>
    <subfield code="c">AR-UNSa-BCEJYS</subfield>
  </datafield>
  <datafield tag="080" ind1=" " ind2=" ">
    <subfield code="a">519.246.8</subfield>
    <subfield code="x">An&#xE1;lisis de series temporales o cronol&#xF3;gicas. Autocorrelaci&#xF3;n. Regresi&#xF3;n</subfield>
  </datafield>
  <datafield tag="245" ind1="1" ind2="0">
    <subfield code="a">An&#xE1;lisis de series temporales</subfield>
  </datafield>
  <datafield tag="020" ind1=" " ind2=" ">
    <subfield code="a">978-84-206-6945-8</subfield>
  </datafield>
  <datafield tag="264" ind1=" " ind2="1">
    <subfield code="a">Madrid :</subfield>
    <subfield code="b">Alianza Editorial</subfield>
    <subfield code="c">2010</subfield>
  </datafield>
  <datafield tag="300" ind1=" " ind2=" ">
    <subfield code="a">604 p.</subfield>
    <subfield code="c">24 cm.</subfield>
  </datafield>
  <datafield tag="505" ind1=" " ind2=" ">
    <subfield code="a">1. Introducci&#xF3;n a las series temporales - 2. An&#xE1;lisis descriptivo de una serie temporal - 3.Series temporales y procesos estoc&#xE1;sticos - 4. Procesos autorregresivos - 5. Procesos de media m&#xF3;vil y ARMA - 6. Procesos integrados y de memoria larga - 7. Procesos ARIMA estacionales - 8. Predicci&#xF3;n con modelos ARIMA - 9. La identificaci&#xF3;n de los posibles modelos ARIMA - 10. Estimaci&#xF3;n y selecci&#xF3;n de modelos ARIMA - 11. Diagnosis del modelo y predicci&#xF3;n - 12. An&#xE1;lisis de intervenci&#xF3;n  - 13. Valores at&#xED;picos - 14. Modelos no lineales - 15. Modelos de heterocedasticidad condicional - 16. Casos de series temporales univariantes - 17. Regresi&#xF3;n din&#xE1;mica entre variables estacionarias - 18. Regresi&#xF3;n entre variables integradas. Cointegraci&#xF3;n - 19. Modelos multivariantes. </subfield>
  </datafield>
  <datafield tag="942" ind1=" " ind2=" ">
    <subfield code="c">BK</subfield>
  </datafield>
  <datafield tag="590" ind1=" " ind2=" ">
    <subfield code="a">niveau_biblio:m niveau_hierar:0</subfield>
  </datafield>
  <datafield tag="100" ind1="1" ind2=" ">
    <subfield code="a">Pe&#xF1;a, Daniel</subfield>
  </datafield>
  <datafield tag="856" ind1="4" ind2="1">
    <subfield code="u">https://www.biblioeco.unsa.edu.ar/pmb/images/libros/L127656.jpg</subfield>
    <subfield code="y">Imagen de portada</subfield>
    <subfield code="q">image/jpeg</subfield>
  </datafield>
  <datafield tag="999" ind1=" " ind2=" ">
    <subfield code="c">4452</subfield>
    <subfield code="d">4452</subfield>
  </datafield>
  <datafield tag="952" ind1=" " ind2=" ">
    <subfield code="0">0</subfield>
    <subfield code="1">0</subfield>
    <subfield code="4">0</subfield>
    <subfield code="7">0</subfield>
    <subfield code="a">BCEJYS</subfield>
    <subfield code="b">BCEJYS</subfield>
    <subfield code="c">16</subfield>
    <subfield code="d">2026-04-07</subfield>
    <subfield code="l">0</subfield>
    <subfield code="o">519.246.8 P397</subfield>
    <subfield code="p">L127656</subfield>
    <subfield code="r">2026-04-07 15:57:43</subfield>
    <subfield code="w">2026-04-07</subfield>
    <subfield code="y">L</subfield>
  </datafield>
</record>
